| 000 | 00487nam a2200157Ia 4500 | ||
|---|---|---|---|
| 008 | 151015s9999 xx 000 0 und d | ||
| 020 | _a9.7814129362e+012 | ||
| 050 | _aRA 418 .B363 2008 | ||
| 245 | _aBarry , Marie-Anne | ||
| 250 | _a_Understanding the sociology of Health An introduction Barry Marie-Anne | ||
| 260 | _a2nd ed. | ||
| 300 | _aLondon Sage 2008 | ||
| 500 | _aIncludes index | ||
| 650 | _a_Theories, Perspectives and Concepts | ||
| 700 | _a^d20120113 10:14:02^oanne | ||
| 999 |
_c3118 _d3118 |
||